000 00304 a2200157 4500
001 180262
020 _a
040 _cMagnum
100 _aBelinky, Ttiana
240 1 0 _aStanislau
_lpor
245 1 0 _aStanislau
362 0 _a1899
440 1 _aÁtica
697 _aMAGNITO: I/ANIMAIS
942 _cBK
999 _c180262
_d180262